[Event "ROM-chT Blitz"]
[Site "Sebes"]
[Date "2022.12.04"]
[Round "1.29"]
[White "Stanca, Adrian"]
[Black "Patrascu, Catalin Lucian"]
[Result "1/2-1/2"]
[WhiteElo "2182"]
[BlackElo "2279"]
[PlyCount "72"]
[EventDate "2022.12.04"]
[EventType "team-swiss (blitz)"]
[EventRounds "8"]
[EventCountry "ROU"]
[SourceTitle "CBM 211 Extra"]
[Source "ChessBase"]
[SourceDate "2023.01.31"]
[SourceVersion "1"]
[SourceVersionDate "2023.01.31"]
[SourceQuality "1"]
[WhiteTeam "Bucharest CSU"]
[BlackTeam "Bucharest CSU II"]
[WhiteTeamCountry "ROU"]
[BlackTeamCountry "ROU"]

1. Nf3 d5 2. g3 Bg4 3. Bg2 Nd7 4. d4 e6 5. 0-0 Ngf6 6. c4 c6 7. Qb3 Qb6 8. c5 Qxb3 9. axb3 a6 10. Nc3 Be7 11. Bf4 h6 12. Rfe1 0-0 13. Ne5 Nxe5 14. Bxe5 Nd7 15. Bc7 Rac8 16. Bf4 e5 17. Bxe5 Nxe5 18. dxe5 Bxc5 19. h3 Be6 20. e3 Rfd8 21. Na4 Bb4 22. Red1 a5 23. Rac1 d4 24. Rxd4 Rxd4 25. exd4 Bxb3 26. Nc5 Bxc5 27. Rxc5 Rd8 28. Rxa5 Rxd4 29. Ra8+ Kh7 30. Rb8 Rd1+ 31. Kh2 Rd2 32. Rxb7 Be6 33. Kg1 Rd1+ 34. Kh2 Rd2 35. Kg1 Rd1+ 36. Kh2 Rd2 1/2-1/2

[Event "ROM-chT Blitz"]
[Site "Sebes"]
[Date "2022.12.04"]
[Round "7.13"]
[White "Szabo, Gergely Andras"]
[Black "Stanca, Adrian"]
[Result "1-0"]
[WhiteElo "2514"]
[BlackElo "2182"]
[PlyCount "31"]
[EventDate "2022.12.04"]
[EventType "team-swiss (blitz)"]
[EventRounds "8"]
[EventCountry "ROU"]
[SourceTitle "CBM 211 Extra"]
[Source "ChessBase"]
[SourceDate "2023.01.31"]
[SourceVersion "1"]
[SourceVersionDate "2023.01.31"]
[SourceQuality "1"]
[WhiteTeam "Iasi Politehnica"]
[BlackTeam "Bucharest CSU"]
[WhiteTeamCountry "ROU"]
[BlackTeamCountry "ROU"]

1. e4 c5 2. Nf3 Nc6 3. Bc4 e6 4. 0-0 a6 5. d4 b5 6. d5 Nb8 7. Be2 Nf6 8. dxe6 dxe6 9. Qxd8+ Kxd8 10. Rd1+ Ke8 11. a4 b4 12. Nbd2 Bb7 13. e5 Nd5 14. Nc4 a5 15. Ng5 Nf4 16. Bxf4 1-0

[Event "ROM-ch Rapid"]
[Site "Bucharest"]
[Date "2022.03.12"]
[Round "8"]
[White "Negrean, Andrei"]
[Black "Stanca, Adrian"]
[Result "1/2-1/2"]
[WhiteElo "1941"]
[BlackElo "2205"]
[PlyCount "78"]
[EventDate "2022.03.11"]
[EventType "swiss (rapid)"]
[EventRounds "9"]
[EventCountry "ROU"]
[SourceTitle "CBM 207 Extra"]
[Source "ChessBase"]
[SourceDate "2022.05.31"]
[SourceVersion "1"]
[SourceVersionDate "2022.05.31"]
[SourceQuality "1"]

1. e4 g6 2. d4 Nf6 3. e5 Nh5 4. Nf3 d6 5. h3 Nc6 6. Bc4 dxe5 7. Nxe5 Nxe5 8. dxe5 Qxd1+ 9. Kxd1 Ng7 10. Nc3 Be6 11. Bb3 0-0-0+ 12. Ke1 a6 13. f4 h5 14. Be3 h4 15. Bxe6+ Nxe6 16. Ke2 Bh6 17. Rhf1 Nd4+ 18. Bxd4 Rxd4 19. Ke3 Rhd8 20. Rad1 c5 21. Rd3 f6 22. exf6 exf6 23. Ne4 Bg7 24. Nxc5 f5 25. Nb3 Rxd3+ 26. cxd3 Bxb2 27. d4 b6 28. Rb1 Ba3 29. Nd2 b5 30. Nf3 Re8+ 31. Ne5 Bd6 32. Rc1+ Kb7 33. Kd3 g5 34. fxg5 Bxe5 35. dxe5 Rxe5 36. Rf1 f4 37. Rxf4 Rxg5 38. Rxh4 Rxg2 39. a4 bxa4 1/2-1/2

[Event "ROM-ch Rapid"]
[Site "Bucharest"]
[Date "2022.03.12"]
[Round "7"]
[White "Stanca, Adrian"]
[Black "Tudor, Henry Edward"]
[Result "1-0"]
[WhiteElo "2205"]
[BlackElo "1879"]
[PlyCount "43"]
[EventDate "2022.03.11"]
[EventType "swiss (rapid)"]
[EventRounds "9"]
[EventCountry "ROU"]
[SourceTitle "CBM 207 Extra"]
[Source "ChessBase"]
[SourceDate "2022.05.31"]
[SourceVersion "1"]
[SourceVersionDate "2022.05.31"]
[SourceQuality "1"]

1. Nf3 c5 2. g3 g6 3. Bg2 Bg7 4. 0-0 Nc6 5. e4 e6 6. c3 d5 7. d3 Nge7 8. Qe2 0-0 9. e5 b5 10. Bf4 a5 11. Nbd2 Ba6 12. Nb3 c4 13. Nc5 Qc8 14. d4 Nd8 15. Qd2 Re8 16. Bh6 Bh8 17. g4 Nb7 18. Nxb7 Qxb7 19. Qf4 b4 20. Bg5 Nc6 21. Bf6 Ra7 22. Qh6 1-0

[Event "Arad op 11th"]
[Site "Arad"]
[Date "2018.08.10"]
[Round "7"]
[White "Peptan, Corina Isabela"]
[Black "Stanca, Adrian"]
[Result "1-0"]
[WhiteElo "2380"]
[BlackElo "2208"]
[PlyCount "55"]
[EventDate "2018.08.05"]
[EventType "swiss"]
[EventRounds "9"]
[EventCountry "ROU"]
[SourceTitle "CBM 185 Extra"]
[Source "ChessBase"]
[SourceDate "2018.07.29"]
[SourceVersion "1"]
[SourceVersionDate "2018.07.29"]
[SourceQuality "1"]

1. d4 d5 2. c4 dxc4 3. e3 Nf6 4. Bxc4 e6 5. Nf3 Nbd7 6. 0-0 a6 7. Nbd2 b5 8. Be2 Bb7 9. a4 c6 10. e4 Be7 11. e5 Nd5 12. Ne4 h6 13. Bd2 0-0 14. Qc2 b4 15. a5 c5 16. Nxc5 Nxc5 17. dxc5 Qc7 18. Rfc1 Rfc8 19. Qc4 Bxc5 20. Qg4 Kf8 21. Bc4 Qe7 22. Ne1 f5 23. Qe2 Qh4 24. Nd3 Be7 25. Bxd5 exd5 26. Nf4 Ke8 27. g3 Qg4 28. f3 1-0

[Event "Benidorm op U2300 16th"]
[Site "Benidorm"]
[Date "2017.12.08"]
[Round "9"]
[White "Stanca, Adrian"]
[Black "Ayats Llobera, Gerard"]
[Result "0-1"]
[WhiteElo "2226"]
[BlackElo "2285"]
[PlyCount "82"]
[EventDate "2017.12.01"]
[EventType "swiss"]
[EventRounds "10"]
[EventCountry "ESP"]
[SourceTitle "EXT 2019"]
[Source "ChessBase"]
[SourceDate "2018.10.10"]
[SourceVersion "1"]
[SourceVersionDate "2018.10.10"]
[SourceQuality "1"]

1. g3 e5 2. Bg2 Nc6 3. d3 d5 4. Nd2 Be6 5. e4 Nge7 6. Ne2 Qd7 7. 0-0 Ng6 8. Nc3 d4 9. Ne2 h5 10. f4 exf4 11. gxf4 Bh3 12. f5 Bxg2 13. Kxg2 Nge5 14. Nf4 g6 15. Nd5 0-0-0 16. Kh1 Bd6 17. Nc4 Nxc4 18. dxc4 gxf5 19. exf5 Be5 20. Bg5 Rdf8 21. Bf6 Bxf6 22. Nxf6 Qe7 23. Nd5 Qc5 24. b3 f6 25. Qd2 Rhg8 26. Rad1 b5 27. Qf4 Rf7 28. Qe4 Kb8 29. cxb5 Qxb5 30. c4 Qb7 31. Rg1 Rd8 32. Rg2 a6 33. Qe6 Ne5 34. Rxd4 Rd6 35. Qe8+ Ka7 36. Re4 Rxd5 37. cxd5 Qxd5 38. Qa4 Qd1+ 39. Rg1 Qf3+ 40. Rg2 Rd7 41. Qb4 Nd3 0-1

[Event "Benidorm op U2300 16th"]
[Site "Benidorm"]
[Date "2017.12.07"]
[Round "8"]
[White "Gajic, Mladen"]
[Black "Stanca, Adrian"]
[Result "1/2-1/2"]
[WhiteElo "2300"]
[BlackElo "2226"]
[PlyCount "71"]
[EventDate "2017.12.01"]
[EventType "swiss"]
[EventRounds "10"]
[EventCountry "ESP"]
[SourceTitle "EXT 2019"]
[Source "ChessBase"]
[SourceDate "2018.10.10"]
[SourceVersion "1"]
[SourceVersionDate "2018.10.10"]
[SourceQuality "1"]

1. d4 g6 2. e4 c6 3. Nf3 Bg7 4. Bd3 d5 5. e5 Na6 6. c3 Nc7 7. 0-0 Bd7 8. h3 Qc8 9. Bf4 Bf5 10. Be2 h6 11. Bh2 h5 12. Na3 Nh6 13. Nc2 Bd7 14. Ne3 Nf5 15. Nxf5 Bxf5 16. Nh4 Be6 17. f4 Qd7 18. a4 0-0-0 19. b4 Bh6 20. Bd3 Rdg8 21. Kh1 Bxf4 22. Bxf4 g5 23. Bh2 gxh4 24. Rf4 Rg7 25. Qf3 Rhg8 26. Rxh4 Rxg2 27. Rxh5 R2g5 28. Rg1 Rxg1+ 29. Bxg1 Qe8 30. Be3 Bd7 31. Kh2 Ne6 32. Rh7 Nf8 33. Rxf7 Be6 34. Rf4 Ng6 35. Bxg6 Qxg6 36. Rf8+ 1/2-1/2

[Event "Benidorm op U2300 14th"]
[Site "Benidorm"]
[Date "2015.12.05"]
[Round "8"]
[White "Stanca, Adrian"]
[Black "Bomans, Arno"]
[Result "0-1"]
[WhiteElo "2186"]
[BlackElo "2272"]
[PlyCount "76"]
[EventDate "2015.11.28"]
[EventType "swiss"]
[EventRounds "10"]
[EventCountry "ESP"]
[SourceTitle "CBM 169 Extra"]
[Source "ChessBase"]
[SourceDate "2015.12.18"]
[SourceVersion "1"]
[SourceVersionDate "2015.12.18"]
[SourceQuality "1"]

1. e4 c5 2. Nc3 Nc6 3. g3 Rb8 4. a4 g6 5. Bg2 Bg7 6. d3 d6 7. f4 e6 8. Nf3 Nge7 9. 0-0 0-0 10. Be3 b6 11. Bf2 e5 12. fxe5 dxe5 13. Nd5 Nxd5 14. exd5 Nb4 15. c4 Bf5 16. Ne1 Qg5 17. Qe2 Rbe8 18. Rd1 Bg4 19. Bf3 Bd7 20. a5 f5 21. Bg2 e4 22. dxe4 fxe4 23. Be3 Rxf1+ 24. Bxf1 Qe5 25. Rd2 Nd3 26. axb6 axb6 27. Nxd3 exd3 28. Rxd3 Qe4 29. Qd1 Qxc4 30. b3 Qb4 31. Bf2 Ra8 32. d6 Ra1 33. Qe2 Qb5 34. Qe4 Bh3 35. Qd5+ Kh8 36. Be1 Rxe1 37. Qa8+ Re8 38. d7 Bd4+ 0-1

[Event "Cap Aurora op"]
[Site "Cap Aurora"]
[Date "2013.06.28"]
[Round "8"]
[White "Cosma, Elena Luminita"]
[Black "Stanca, Adrian"]
[Result "1-0"]
[WhiteElo "2329"]
[BlackElo "2204"]
[PlyCount "65"]
[EventDate "2013.06.22"]
[EventType "swiss"]
[EventRounds "9"]
[EventCountry "ROU"]
[SourceTitle "CBM 155 Extra"]
[Source "ChessBase"]
[SourceDate "2013.08.26"]
[SourceVersion "1"]
[SourceVersionDate "2013.08.26"]
[SourceQuality "1"]

1. d4 d6 2. e4 Nf6 3. Nc3 g6 4. Nf3 Bg7 5. h3 0-0 6. Be3 a6 7. a4 b6 8. Bc4 e6 9. 0-0 Bb7 10. d5 e5 11. g4 Nbd7 12. Qe2 h6 13. Nd2 c6 14. dxc6 Bxc6 15. Rfd1 b5 16. axb5 axb5 17. Rxa8 Qxa8 18. Bxb5 Bxb5 19. Qxb5 Rb8 20. Qa4 Qb7 21. Nb3 Bf8 22. Qc4 Rc8 23. Qd3 Kh7 24. f3 Rc7 25. Ra1 Nc5 26. Nxc5 dxc5 27. b3 c4 28. bxc4 Qc8 29. Nd5 Nxd5 30. Qxd5 Rb7 31. Ra7 Rxa7 32. Bxa7 Kg8 33. Qxe5 1-0

[Event "Cap Aurora op"]
[Site "Cap Aurora"]
[Date "2013.06.27"]
[Round "7"]
[White "Stanca, Adrian"]
[Black "Bida, Mihai Eugen"]
[Result "1/2-1/2"]
[WhiteElo "2204"]
[BlackElo "2204"]
[PlyCount "32"]
[EventDate "2013.06.22"]
[EventType "swiss"]
[EventRounds "9"]
[EventCountry "ROU"]
[SourceTitle "CBM 155 Extra"]
[Source "ChessBase"]
[SourceDate "2013.08.26"]
[SourceVersion "1"]
[SourceVersionDate "2013.08.26"]
[SourceQuality "1"]

1. g3 e5 2. c4 Nf6 3. Bg2 c6 4. Nc3 d5 5. cxd5 cxd5 6. Qb3 Nc6 7. Nxd5 Nd4 8. Nxf6+ Qxf6 9. Qd1 Bf5 10. d3 Rc8 11. Kf1 Bc5 12. Nf3 Nxf3 13. Bxf3 Bh3+ 14. Ke1 0-0 15. Be3 Bxe3 16. fxe3 e4 1/2-1/2

[Event "Cap Aurora op"]
[Site "Cap Aurora"]
[Date "2013.06.25"]
[Round "4"]
[White "Daianu, Cristian Clement"]
[Black "Stanca, Adrian"]
[Result "1/2-1/2"]
[WhiteElo "2245"]
[BlackElo "2204"]
[PlyCount "60"]
[EventDate "2013.06.22"]
[EventType "swiss"]
[EventRounds "9"]
[EventCountry "ROU"]
[SourceTitle "CBM 155 Extra"]
[Source "ChessBase"]
[SourceDate "2013.08.26"]
[SourceVersion "1"]
[SourceVersionDate "2013.08.26"]
[SourceQuality "1"]

1. e4 g6 2. d4 Bg7 3. Nc3 d6 4. Be3 c6 5. f4 d5 6. Nf3 Nf6 7. e5 Ng4 8. Qd2 Nxe3 9. Qxe3 Bf5 10. Bd3 e6 11. 0-0-0 h5 12. g3 Nd7 13. h3 Qa5 14. Kb1 b5 15. g4 hxg4 16. hxg4 Bxg4 17. Rxh8+ Bxh8 18. Rh1 Bg7 19. Rh7 Bxf3 20. Rxg7 b4 21. Na4 Qxa4 22. b3 Qa5 23. Qxf3 Qb6 24. Qf2 Nf8 25. Qh4 a5 26. Rg8 Qxd4 27. Bxg6 fxg6 28. Qf6 Qd1+ 29. Kb2 Qd4+ 30. Kb1 Qd1+ 1/2-1/2

[Event "ROM-chTA"]
[Site "Olanesti"]
[Date "2012.10.12"]
[Round "7.1"]
[White "Geanta, Horia"]
[Black "Stanca, Adrian"]
[Result "1/2-1/2"]
[WhiteElo "2297"]
[BlackElo "2199"]
[PlyCount "76"]
[EventDate "2012.10.06"]
[EventType "team-tourn"]
[EventRounds "9"]
[EventCountry "ROU"]
[SourceTitle "CBM 150 Extra"]
[Source "ChessBase"]
[SourceDate "2012.10.19"]
[SourceVersion "1"]
[SourceVersionDate "2012.10.19"]
[SourceQuality "1"]
[WhiteTeam "Bucharest"]
[BlackTeam "Giurgiu"]
[WhiteTeamCountry "ROU"]
[BlackTeamCountry "ROU"]

1. e4 g6 2. d4 Bg7 3. Nc3 d6 4. Be2 a6 5. a4 Nc6 6. Be3 a5 7. Nf3 Bg4 8. d5 Nb4 9. 0-0 Bd7 10. Qd2 Nf6 11. Nd4 c6 12. dxc6 bxc6 13. f4 0-0 14. Nb3 Qc7 15. Kh1 c5 16. Bf3 Rab8 17. Qe2 Ne8 18. Nb5 Qb6 19. c4 Nc7 20. Rad1 Nxb5 21. axb5 Rfc8 22. Ra1 e6 23. Nxa5 d5 24. exd5 exd5 25. Nc6 Bxc6 26. bxc6 d4 27. Bc1 Nxc6 28. f5 Nb4 29. Bf4 Re8 30. Qd2 Rbd8 31. Rae1 d3 32. fxg6 hxg6 33. Bg5 Bf6 34. Bxf6 Qxf6 35. Bd5 Rxe1 36. Qxe1 Nxd5 37. cxd5 d2 38. Qe2 Qg5 1/2-1/2

[Event "ROM-chTA"]
[Site "Olanesti"]
[Date "2012.10.09"]
[Round "4.1"]
[White "Stanca, Adrian"]
[Black "Musat, Adrian"]
[Result "1/2-1/2"]
[WhiteElo "2199"]
[BlackElo "2390"]
[PlyCount "22"]
[EventDate "2012.10.06"]
[EventType "team-tourn"]
[EventRounds "9"]
[EventCountry "ROU"]
[SourceTitle "CBM 150 Extra"]
[Source "ChessBase"]
[SourceDate "2012.10.19"]
[SourceVersion "1"]
[SourceVersionDate "2012.10.19"]
[SourceQuality "1"]
[WhiteTeam "Giurgiu"]
[BlackTeam "Craiova Oltenia"]
[WhiteTeamCountry "ROU"]
[BlackTeamCountry "ROU"]

1. e4 c5 2. Nf3 d6 3. Bc4 Nf6 4. d3 Nc6 5. Bb3 e6 6. c3 Be7 7. 0-0 0-0 8. Re1 b6 9. Nbd2 Ba6 10. Nf1 Rc8 11. Bc2 Ne5 1/2-1/2

[Event "ROM-chTA"]
[Site "Olanesti"]
[Date "2012.10.07"]
[Round "2.1"]
[White "Toma Andreica, Alin"]
[Black "Stanca, Adrian"]
[Result "1/2-1/2"]
[WhiteElo "2229"]
[BlackElo "2199"]
[PlyCount "42"]
[EventDate "2012.10.06"]
[EventType "team-tourn"]
[EventRounds "9"]
[EventCountry "ROU"]
[SourceTitle "CBM 150 Extra"]
[Source "ChessBase"]
[SourceDate "2012.10.19"]
[SourceVersion "1"]
[SourceVersionDate "2012.10.19"]
[SourceQuality "1"]
[WhiteTeam "Turda"]
[BlackTeam "Giurgiu"]
[WhiteTeamCountry "ROU"]
[BlackTeamCountry "ROU"]

1. e4 g6 2. d4 Bg7 3. Nc3 d6 4. f4 e6 5. Nf3 Ne7 6. Be3 Nd7 7. Qd2 a6 8. a4 b6 9. Bd3 Bb7 10. 0-0 Nf6 11. f5 exf5 12. exf5 gxf5 13. Nh4 Ne4 14. Qe2 Qd7 15. Qh5 Nf6 16. Qg5 Rg8 17. Bxf5 Nxf5 18. Qxf5 Qxf5 19. Nxf5 Nd5 20. Rae1 Nxe3 21. Rxe3+ Kf8 1/2-1/2

[Event "ROM-chT Div-A"]
[Site "Slanic Moldova"]
[Date "2011.10.04"]
[Round "2"]
[White "Murariu, Andrei"]
[Black "Stanca, Adrian"]
[Result "1-0"]
[WhiteElo "2503"]
[BlackElo "2253"]
[PlyCount "81"]
[EventDate "2011.10.03"]
[EventType "team-tourn"]
[EventRounds "9"]
[EventCountry "ROU"]
[SourceTitle "CBM 144 Extra"]
[Source "ChessBase"]
[SourceDate "2011.10.28"]
[SourceVersion "1"]
[SourceVersionDate "2011.10.28"]
[SourceQuality "1"]

1. e4 d6 2. d4 f5 3. Nc3 Nf6 4. Bd3 Nc6 5. Nge2 fxe4 6. Nxe4 e5 7. Bg5 Be7 8. Bxf6 Bxf6 9. d5 Ne7 10. Nxf6+ gxf6 11. Ng3 0-0 12. Qd2 Kh8 13. 0-0-0 Qe8 14. Rhf1 Qa4 15. c4 b5 16. Qh6 Rf7 17. Qh5 Rg7 18. Qe8+ Ng8 19. Qxb5 Qxa2 20. Bb1 Qa1 21. Rd3 Qa6 22. Qxa6 Bxa6 23. b3 Ne7 24. f4 Ng6 25. fxe5 fxe5 26. Nh5 Rf7 27. Rdf3 e4 28. Re3 c6 29. Rxe4 Ne5 30. dxc6 d5 31. Ref4 Rg8 32. Nf6 dxc4 33. Nxg8 Kxg8 34. bxc4 Nxc6 35. Rg4+ Rg7 36. Rxg7+ Kxg7 37. Rf4 Ne5 38. c5 Bb7 39. g3 h6 40. Kb2 Nd7 41. Rc4 1-0

[Event "ROM-chT"]
[Site "Baile Tusnad"]
[Date "2005.05.29"]
[Round "9"]
[White "Stanca, Adrian"]
[Black "Shishkin, Vadim"]
[Result "0-1"]
[WhiteElo "2148"]
[BlackElo "2519"]
[PlyCount "74"]
[EventDate "2005.05.21"]
[EventType "team"]
[EventRounds "9"]
[EventCountry "ROU"]
[SourceTitle "CBM 106 Extra"]
[Source "ChessBase"]
[SourceDate "2005.07.01"]
[SourceVersion "1"]
[SourceVersionDate "2005.07.01"]
[SourceQuality "1"]

1. e4 c5 2. d3 Nc6 3. g3 d5 4. Nc3 d4 5. Nb1 e5 6. Bg2 h5 7. h4 g6 8. a4 Bh6 9. Nd2 Be6 10. Bh3 Qd7 11. Nc4 f6 12. Ra3 0-0-0 13. Bxe6 Qxe6 14. Nh3 Bxc1 15. Qxc1 Nh6 16. Qd2 Nf7 17. f3 Rhg8 18. Ng1 f5 19. Qh2 Kb8 20. Qh3 Qf6 21. Nd2 Nb4 22. Kd1 Nd6 23. g4 c4 24. dxc4 hxg4 25. Qh2 fxe4 26. c5 g3 27. Qxg3 Nf5 28. Qh2 Ne3+ 29. Kc1 Nexc2 30. Nxe4 Qe6 31. Qxc2 Nxc2 32. Kxc2 Qc4+ 33. Kd2 Qb4+ 34. Kc1 Qe1+ 35. Kc2 d3+ 36. Rxd3 Rxd3 37. Kxd3 Rd8+ 0-1

[Event "ROM-chT"]
[Site "Baile Tusnad"]
[Date "2005.05.28"]
[Round "8"]
[White "Stanca, Adrian"]
[Black "Rogozenco, Dorian"]
[Result "0-1"]
[WhiteElo "2148"]
[BlackElo "2512"]
[PlyCount "152"]
[EventDate "2005.05.21"]
[EventType "team"]
[EventRounds "9"]
[EventCountry "ROU"]
[SourceTitle "CBM 106 Extra"]
[Source "ChessBase"]
[SourceDate "2005.07.01"]
[SourceVersion "1"]
[SourceVersionDate "2005.07.01"]
[SourceQuality "1"]

1. e4 c5 2. d3 Nc6 3. g3 g6 4. Bg2 Bg7 5. f4 d6 6. Nf3 e6 7. 0-0 Nge7 8. c3 0-0 9. Be3 b6 10. Bf2 Bb7 11. a4 a6 12. Na3 Qc7 13. d4 Nb8 14. Re1 Nd7 15. e5 dxe5 16. dxe5 Bd5 17. Ng5 h6 18. Bxd5 exd5 19. Nxf7 Rxf7 20. e6 Rff8 21. exd7 Qxd7 22. Nc4 Rad8 23. Nxb6 Qc7 24. a5 Rd6 25. Rxe7 Qxe7 26. Bxc5 Rfd8 27. Qf3 d4 28. Nd5 Qe6 29. Bxd6 dxc3 30. Nxc3 Qxd6 31. Kh1 Qb4 32. Rd1 Rxd1+ 33. Qxd1 Qxa5 34. Qb3+ Kh7 35. Qb7 h5 36. Kg2 Kh6 37. Qb3 Qc5 38. Qa4 Qb6 39. Qc2 Qc6+ 40. Kh3 Qc4 41. Qc1 a5 42. Qe1 a4 43. Ne4 Qc8+ 44. Kg2 Qc2+ 45. Kh3 Qc8+ 46. Kg2 Bxb2 47. f5 Qxf5 48. Qd2+ g5 49. Nxg5 Qxg5 50. Qxb2 Qd5+ 51. Kg1 Qc5+ 52. Kg2 a3 53. Qh8+ Kg6 54. Qg8+ Kf6 55. Qd8+ Ke6 56. Qg8+ Kd6 57. Qd8+ Kc6 58. Qa8+ Kb5 59. Kh3 Qf5+ 60. Kg2 Kb4 61. Qa7 Qe4+ 62. Kh3 Qe6+ 63. Kg2 a2 64. Qb8+ Kc3 65. Qa7 Qe4+ 66. Kh3 Qf5+ 67. Kg2 Qd5+ 68. Kh3 Qe6+ 69. Kg2 Kb3 70. Qb8+ Kc2 71. Qc7+ Kb2 72. Qg7+ Kc1 73. Qc7+ Kd1 74. Qa7 Ke2 75. Qf2+ Kd3 76. Qa7 Qe2+ 0-1

[Event "ROM-chT"]
[Site "Baile Tusnad"]
[Date "2005.05.25"]
[Round "5"]
[White "Lupulescu, Constantin"]
[Black "Stanca, Adrian"]
[Result "1-0"]
[WhiteElo "2546"]
[BlackElo "2148"]
[PlyCount "83"]
[EventDate "2005.05.21"]
[EventType "team"]
[EventRounds "9"]
[EventCountry "ROU"]
[SourceTitle "CBM 106 Extra"]
[Source "ChessBase"]
[SourceDate "2005.07.01"]
[SourceVersion "1"]
[SourceVersionDate "2005.07.01"]
[SourceQuality "1"]

1. e4 g6 2. d4 Nf6 3. e5 Nh5 4. Be2 Ng7 5. Nf3 d5 6. c4 c6 7. Nc3 e6 8. Bg5 Be7 9. Qd2 Na6 10. 0-0-0 Nc7 11. g4 Bxg5 12. Nxg5 h6 13. Nf3 Rb8 14. Kb1 b5 15. cxb5 cxb5 16. Rc1 Bd7 17. Nd1 b4 18. Ne3 Na8 19. h4 Kf8 20. h5 g5 21. Ng1 a5 22. Nh3 Rc8 23. Rxc8 Qxc8 24. f4 gxf4 25. Rc1 Qd8 26. Ng2 f3 27. Bxf3 Nb6 28. Be2 Nc4 29. Bxc4 dxc4 30. Rxc4 Qa8 31. Nhf4 Ne8 32. d5 exd5 33. Nxd5 Be6 34. Ngf4 Qa6 35. Nxe6+ Qxe6 36. Re4 Rg8 37. Nf4 Qc6 38. Qe3 Nc7 39. e6 fxe6 40. Ng6+ Kg7 41. Qd4+ Kh7 42. Ne7 1-0

[Event "ROM-chT"]
[Site "Baile Tusnad"]
[Date "2005.05.23"]
[Round "3"]
[White "Veneteanu, Ion Cristian"]
[Black "Stanca, Adrian"]
[Result "1/2-1/2"]
[WhiteElo "2271"]
[BlackElo "2148"]
[PlyCount "117"]
[EventDate "2005.05.21"]
[EventType "team"]
[EventRounds "9"]
[EventCountry "ROU"]
[SourceTitle "CBM 106 Extra"]
[Source "ChessBase"]
[SourceDate "2005.07.01"]
[SourceVersion "1"]
[SourceVersionDate "2005.07.01"]
[SourceQuality "1"]

1. d4 Na6 2. e4 c6 3. c4 d6 4. Nc3 e5 5. Nge2 g6 6. Be3 Bh6 7. Qd2 Qh4 8. 0-0-0 Bxe3 9. Qxe3 Qh6 10. f4 Bg4 11. h3 exf4 12. Qd2 Bh5 13. Re1 f3 14. g4 Qxd2+ 15. Kxd2 fxe2 16. Bxe2 Bxg4 17. hxg4 Nc7 18. d5 c5 19. Rh2 g5 20. Reh1 h6 21. Kc2 f6 22. Nd1 Kf7 23. Ne3 Ne7 24. Rxh6 Rxh6 25. Rxh6 Kg7 26. Rh5 Rh8 27. Rxh8 Kxh8 28. Kc3 Kg8 29. Bd1 a6 30. a3 b6 31. b4 cxb4+ 32. axb4 a5 33. bxa5 bxa5 34. c5 dxc5 35. Kc4 Na6 36. Kb5 Nb4 37. Kxc5 Kf8 38. Kb5 Ke8 39. Kxa5 Nd3 40. Kb6 Kd8 41. Ba4 Nf2 42. Bc2 Ng6 43. Kc5 Ne5 44. Kd6 Nfxg4 45. Nf5 Nc4+ 46. Ke6 Nge3 47. Bd3 Nxf5 48. Bxc4 Ne3 49. Be2 g4 50. Kxf6 g3 51. Bf3 g2 52. Bxg2 Nxg2 53. Ke6 Nf4+ 54. Kd6 Nd3 55. e5 Nxe5 56. Kxe5 Ke7 57. d6+ Kd7 58. Kd5 Kd8 59. Ke6 1/2-1/2

[Event "ROM-chT"]
[Site "Baile Tusnad"]
[Date "2005.05.22"]
[Round "2"]
[White "Stanca, Adrian"]
[Black "Mateuta, Gabriel"]
[Result "0-1"]
[WhiteElo "2148"]
[BlackElo "2478"]
[PlyCount "130"]
[EventDate "2005.05.21"]
[EventType "team"]
[EventRounds "9"]
[EventCountry "ROU"]
[SourceTitle "CBM 106 Extra"]
[Source "ChessBase"]
[SourceDate "2005.07.01"]
[SourceVersion "1"]
[SourceVersionDate "2005.07.01"]
[SourceQuality "1"]

1. e4 d5 2. Nc3 dxe4 3. Nxe4 Bf5 4. Ng3 Bg6 5. Bc4 e6 6. Nf3 Nd7 7. 0-0 Be7 8. d3 Ngf6 9. Bf4 Nh5 10. Be5 0-0 11. Qe2 c6 12. a4 a5 13. Bc3 Nf4 14. Qe3 Nd5 15. Bxd5 cxd5 16. Qe2 Rc8 17. Qd2 b6 18. Qe2 Re8 19. Rac1 Bf8 20. Nd4 Nc5 21. b3 Nxa4 22. Ba1 Nc3 23. Qg4 e5 24. Ndf5 Bxf5 25. Nxf5 g6 26. Ng3 Bg7 27. Bxc3 Rxc3 28. Ne2 Rc7 29. c4 f5 30. Qh3 d4 31. g4 Qg5 32. Ng3 h5 33. f3 h4 34. Nh1 e4 35. dxe4 fxe4 36. fxe4 Rxe4 37. Nf2 Re3 38. Qg2 Rce7 39. Nh3 Rxh3 40. Qxh3 Re3 41. Qg2 Kh7 42. Rce1 h3 43. Qd5 Qxg4+ 44. Kh1 Rxb3 45. Re7 Kh6 46. Rg1 Qf3+ 47. Qxf3 Rxf3 48. Re6 Bf6 49. Rxb6 d3 50. Rd6 a4 51. c5 Bg5 52. Rd4 d2 53. Rxa4 Rc3 54. c6 Be3 55. Rf1 Rc1 56. Ra1 Rxc6 57. Rab1 Rc1 58. Ra1 Kh5 59. Rb1 g5 60. Ra1 Kg4 61. Rb1 Rxb1 62. Rxb1 Kf3 63. Rf1+ Ke2 64. Rf2+ Kd3 65. Rf1 Bf4 0-1

[Event "ROM-chT"]
[Site "Baile Tusnad"]
[Date "2005.05.21"]
[Round "1"]
[White "Rusan, Paul Cristian"]
[Black "Stanca, Adrian"]
[Result "1-0"]
[WhiteElo "2329"]
[BlackElo "2148"]
[PlyCount "91"]
[EventDate "2005.05.21"]
[EventType "team"]
[EventRounds "9"]
[EventCountry "ROU"]
[SourceTitle "CBM 106 Extra"]
[Source "ChessBase"]
[SourceDate "2005.07.01"]
[SourceVersion "1"]
[SourceVersionDate "2005.07.01"]
[SourceQuality "1"]

1. e4 g6 2. d4 Nf6 3. Nc3 d5 4. e5 Nh5 5. Be2 Ng7 6. h4 h5 7. Nf3 c6 8. Bg5 Bg4 9. Qd2 Ne6 10. Be3 Na6 11. Ng5 Nac7 12. Bxg4 hxg4 13. 0-0-0 Qd7 14. Qe2 Ng7 15. Kb1 f6 16. exf6 exf6 17. Bf4+ Kd8 18. Nce4 dxe4 19. Nxe4 Nh5 20. Bh2 g3 21. fxg3 f5 22. Nc5 Qe8 23. Qf3 Bxc5 24. dxc5+ Kc8 25. Rhe1 Qf8 26. g4 fxg4 27. Qxg4+ Qf5 28. Qd4 Rf8 29. g4 Nb5 30. gxf5 Nxd4 31. Rxd4 gxf5 32. Re7 f4 33. a4 b6 34. cxb6 axb6 35. b3 Ra5 36. Rdd7 Rd5 37. Ra7 Kb8 38. Reb7+ Kc8 39. Rxb6 Rf6 40. a5 Rd2 41. a6 c5 42. Ra8+ Kd7 43. Rxf6 Nxf6 44. Bxf4 Rd1+ 45. Kb2 Nd5 46. a7 1-0

[Event "Bucharest Revolution Memorial"]
[Site "Bucharest"]
[Date "2003.12.??"]
[Round "?"]
[White "Murariu, Andrei"]
[Black "Stanca, Adrian"]
[Result "1-0"]
[WhiteElo "2389"]
[BlackElo "2215"]
[PlyCount "49"]
[EventDate "2003.12.??"]
[EventType "swiss"]
[EventRounds "7"]
[EventCountry "ROU"]
[SourceTitle "EXT 2008"]
[Source "ChessBase"]
[SourceDate "2007.11.25"]
[SourceVersion "1"]
[SourceVersionDate "2007.11.25"]
[SourceQuality "1"]

1. e4 c6 2. c4 Na6 3. Nc3 d6 4. d3 g6 5. Be3 Bg7 6. g3 Nc7 7. Bg2 e5 8. Qd2 Ne7 9. Bh6 0-0 10. h4 f5 11. h5 f4 12. Bxg7 Kxg7 13. gxf4 exf4 14. Nf3 Bg4 15. hxg6 Nxg6 16. Ne2 Ne5 17. Nxe5 dxe5 18. f3 Be6 19. Qc3 Qf6 20. Rh5 Bf7 21. Rxe5 Qh4+ 22. Kd2 Kg8 23. Rh1 Qf2 24. Rg5+ Bg6 25. Rxg6+ 1-0